<?xml version="1.0" encoding="UTF-8"?>
<record
    xmlns:xsi="http://www.w3.org/2001/XMLSchema-instance"
    xsi:schemaLocation="http://www.loc.gov/MARC21/slim http://www.loc.gov/standards/marcxml/schema/MARC21slim.xsd"
    xmlns="http://www.loc.gov/MARC21/slim">

  <leader>01103    a2200193   4500</leader>
  <controlfield tag="001">142957</controlfield>
  <datafield tag="040" ind1=" " ind2=" ">
    <subfield code="c">Leonardo Da Vinci</subfield>
  </datafield>
  <datafield tag="041" ind1=" " ind2=" ">
    <subfield code="a">Portugu&#xEA;s</subfield>
  </datafield>
  <datafield tag="082" ind1=" " ind2=" ">
    <subfield code="a">190 P467r</subfield>
    <subfield code="b">P467r</subfield>
  </datafield>
  <datafield tag="100" ind1=" " ind2=" ">
    <subfield code="a">RYLE, Gilbert</subfield>
    <subfield code="a">AUSTIN, John Langshaw</subfield>
    <subfield code="a">QUINE, Willard van Orman</subfield>
    <subfield code="a">STRAWSON, Peter Frederick</subfield>
  </datafield>
  <datafield tag="245" ind1=" " ind2=" ">
    <subfield code="a">Ensaios</subfield>
  </datafield>
  <datafield tag="250" ind1=" " ind2=" ">
    <subfield code="a">4.ed</subfield>
  </datafield>
  <datafield tag="260" ind1=" " ind2=" ">
    <subfield code="b">Nova Cultural</subfield>
    <subfield code="c">1989</subfield>
    <subfield code="a">S&#xE3;o Paulo</subfield>
  </datafield>
  <datafield tag="300" ind1=" " ind2=" ">
    <subfield code="a">235</subfield>
  </datafield>
  <datafield tag="362" ind1=" " ind2=" ">
    <subfield code="a">19890000</subfield>
  </datafield>
  <datafield tag="490" ind1=" " ind2=" ">
    <subfield code="a">Os Pensadores</subfield>
  </datafield>
  <datafield tag="697" ind1=" " ind2=" ">
    <subfield code="a">Filosofia</subfield>
    <subfield code="a">Metaf&#xED;sica</subfield>
    <subfield code="a">Ontologia</subfield>
    <subfield code="a">Express&#xF5;es sistematicamente enganadoras</subfield>
    <subfield code="a">Categorias</subfield>
    <subfield code="a">Linguagem ordin&#xE1;ria</subfield>
    <subfield code="a">Teoria da significa&#xE7;&#xE3;o</subfield>
    <subfield code="a">Se, portanto e porque</subfield>
    <subfield code="a">Outras mentes</subfield>
    <subfield code="a">Relatividade ontol&#xF3;gica e outros ensaios</subfield>
    <subfield code="a">Falando de objetos</subfield>
    <subfield code="a">Relatividade ontol&#xF3;gica</subfield>
    <subfield code="a">Epistemologia naturalizada</subfield>
    <subfield code="a">Exist&#xEA;ncia e quantifica&#xE7;&#xE3;o</subfield>
    <subfield code="a">Esp&#xE9;cies naturais</subfield>
    <subfield code="a">Objetos proposicionais</subfield>
    <subfield code="a">De um ponto de vista l&#xF3;gico</subfield>
    <subfield code="a">Sobre o que h&#xE1;</subfield>
    <subfield code="a">Dois dogmas do empirismo</subfield>
    <subfield code="a">Identidade, ostens&#xE3;o, hip&#xF3;stase</subfield>
    <subfield code="a">Escritos l&#xF3;gico-ling&#xFC;&#xED;sticos</subfield>
    <subfield code="a">Sobre referir</subfield>
    <subfield code="a">O particular e o geral</subfield>
    <subfield code="a">Refer&#xEA;ncia identificadora</subfield>
    <subfield code="a">Gram&#xE1;tica e filosofia</subfield>
    <subfield code="a">Significa&#xE7;&#xE3;o e verdade</subfield>
  </datafield>
  <datafield tag="942" ind1=" " ind2=" ">
    <subfield code="c">BK</subfield>
  </datafield>
  <datafield tag="952" ind1=" " ind2=" ">
    <subfield code="0">0</subfield>
    <subfield code="1">0</subfield>
    <subfield code="4">0</subfield>
    <subfield code="7">0</subfield>
    <subfield code="a">71.1</subfield>
    <subfield code="b">71.1</subfield>
    <subfield code="d">2024-03-27</subfield>
    <subfield code="l">0</subfield>
    <subfield code="o">190 P467r</subfield>
    <subfield code="p">O010205</subfield>
    <subfield code="r">2024-03-27 22:47:38</subfield>
    <subfield code="w">2024-03-27</subfield>
    <subfield code="y">BK</subfield>
  </datafield>
  <datafield tag="999" ind1=" " ind2=" ">
    <subfield code="c">142957</subfield>
    <subfield code="d">142957</subfield>
  </datafield>
</record>
